[Event "WchT Seniors 65"]
[Site "Struga"]
[Date "2023.09.19"]
[Round "1.4"]
[White "Bujupi, Fatmir"]
[Black "Goldman, Astra"]
[Result "1-0"]
[WhiteElo "2112"]
[BlackElo "1997"]
[PlyCount "57"]
[EventDate "2023.09.19"]
[EventType "team-swiss"]
[EventRounds "9"]
[EventCountry "MKD"]
[SourceTitle "EXT 2024"]
[Source "ChessBase"]
[SourceDate "2023.10.10"]
[SourceVersion "1"]
[SourceVersionDate "2023.10.10"]
[SourceQuality "1"]
[WhiteTeam "Kosovo 65"]
[BlackTeam "Latvia 65 (W)"]
[WhiteTeamCountry "KOS"]
[BlackTeamCountry "LAT"]

1. e4 c5 2. Nc3 e5 3. f4 exf4 4. Nf3 Nc6 5. Bc4 h6 6. 0-0 g5 7. g3 g4 8. Nh4 f3 9. Nxf3 Rh7 10. Nh4 Ne5 11. Be2 d6 12. Nd5 Be6 13. Ne3 Qd7 14. c3 c4 15. b3 b5 16. a4 h5 17. axb5 Qxb5 18. bxc4 Bxc4 19. Nxc4 Nxc4 20. Rf5 Qc6 21. Ra4 Qb6+ 22. d4 Nb2 23. Bxb2 Qxb2 24. Rb4 Qxc3 25. Qa4+ Kd8 26. Rb7 Qe3+ 27. Kf1 Qc1+ 28. Kf2 Qc8 29. Qa5+ 1-0

[Event "WchT Seniors 50"]
[Site "Rhodes"]
[Date "2019.04.21"]
[Round "6.9"]
[White "Farrell, Neil"]
[Black "Goldman, Astra"]
[Result "1-0"]
[WhiteElo "2132"]
[BlackElo "2020"]
[PlyCount "58"]
[EventDate "2019.04.16"]
[EventType "team-swiss"]
[EventRounds "9"]
[EventCountry "GRE"]
[SourceTitle "CBM 190 Extra"]
[Source "ChessBase"]
[SourceDate "2019.07.15"]
[SourceVersion "1"]
[SourceVersionDate "2019.07.15"]
[SourceQuality "1"]
[WhiteTeam "Scotland"]
[BlackTeam "Latvia (Women)"]
[WhiteTeamCountry "SCO"]
[BlackTeamCountry "LAT"]

1. d4 Nf6 2. c4 b6 3. Nc3 Bb7 4. d5 c6 5. Nf3 g6 6. e4 d6 7. Be2 Bg7 8. 0-0 0-0 9. Re1 Nbd7 10. h3 a6 11. Nd4 c5 12. Nc2 Ne8 13. Bg5 h6 14. Bh4 g5 15. Bg3 Ne5 16. Ne3 e6 17. Bh2 Bc8 18. Bf1 Ng6 19. Qd2 Bd4 20. Ne2 Qf6 21. Nxd4 cxd4 22. Ng4 Qg7 23. e5 exd5 24. exd6 dxc4 25. Bxc4 h5 26. Ne5 Nxd6 27. Bd5 Ra7 28. Qxg5 Nf5 29. Qxg6 Ra8 1-0

[Event "URS-chT Republics 16th Group1"]
[Site "Moscow"]
[Date "1983.07.18"]
[Round "3"]
[White "Goldman, Astra"]
[Black "Litynska, Marta"]
[Result "0-1"]
[WhiteElo "1920"]
[BlackElo "2280"]
[PlyCount "70"]
[EventDate "1983.07.15"]
[EventType "team-tourn"]
[EventRounds "5"]
[EventCountry "URS"]
[SourceTitle "EXT 2020"]
[Source "ChessBase"]
[SourceDate "2019.10.17"]
[SourceVersion "1"]
[SourceVersionDate "2019.10.17"]
[SourceQuality "1"]
[WhiteTeam "Latvia"]
[BlackTeam "Ukraine"]
[WhiteTeamCountry "LAT"]
[BlackTeamCountry "UKR"]

1. e4 e5 2. Nf3 Nc6 3. Bb5 a6 4. Ba4 Nf6 5. d4 exd4 6. 0-0 Be7 7. Re1 b5 8. Bb3 d6 9. Bd5 Nxd5 10. exd5 Ne5 11. Nxd4 0-0 12. a4 Bd7 13. f4 c5 14. dxc6 Nxc6 15. Nxc6 Bxc6 16. axb5 axb5 17. Rxa8 Bxa8 18. Nc3 Bh4 19. Re2 Qd7 20. Be3 Qg4 21. Rd2 Qg6 22. Nd5 Re8 23. Qf3 Qe6 24. g3 Bd8 25. Bf2 Bb6 26. Rd1 Bxf2+ 27. Kxf2 h6 28. Kg1 Qc8 29. Qd3 Qc5+ 30. Kf1 Bxd5 31. Qxd5 Qxc2 32. Qd2 Qe4 33. Qxd6 Qh1+ 34. Kf2 Qxh2+ 35. Kf3 Qe2# 0-1